000 00262nam a2200097Ia 4500
001 648263
005 20250826153718.0
008 250824s9999 xx 000 0 und d
245 0 _aSİHİRLİ KRALLIK ALTIN KUMSAL 6
_cROSİE BANKS
260 _bDOĞAN EGMONT YAYINLARI
999 _c648263
_d648263